000 00430cam a2200181ua 4500
020 _c1.50
041 _amal
_h
082 _a894.8124
_bMEN/VI
100 _aMenon, M S .
245 _aVimarsanathinte prasnangal /
_cM S Menon.
_hTextual Documents
260 _aThrissur :
_bCurrent Books ,
_c1963.
300 _a107 ; .
365 _a1.50
504 _a
942 _cBK
999 _c5788
_d5788